Animaux Africains - Statistiques

Statistiques générales
  • Ce quiz a été pris 289 fois
  • Le résultat moyen est 14 sur 23
Statistiques - réponses
Indice Animaux % Correct
Roi des animaux Lion
100%
Long cou Girafe
98%
Impossant à défense Éléphant
94%
Rayure Noire et blanche Zèbre
94%
Reptile aquatique Crocodile
88%
Ricane Hyène
88%
Une bosse Dromadaire
86%
Roi des singes Gorille
84%
Le plus rapide Guépard
84%
Charge à une Corne Rhinocéros
84%
Le plus gros dans l'eau Hippopotame
79%
sanglier d'Afrique Phacochère
71%
Oiseau coureur Autruche
69%
Impossant bovin Buffle
68%
En troupeau Gnou
60%
Sentinelle du désert Suricate
39%
Zèbre/girafe Okapi
36%
Chien sauvage Lycaon
29%
Antilope du désert Oryx
20%
Oiseaux échassier Marabout
19%
Blaireau africain Ratel
18%
Pic Porc-épic
16%
Singe Chimpanzée
8%
Aucun quiz correspondant
Distribution des résultats
% des personnes avec chaque résultat
Percentile par nombre de réponses
Votre historique - résultats
Vous n’avez pas pris ce quiz